| Tag |
First Indicator |
Second Indicator |
Subfields |
| LEADER |
00000cam a2200000 a 4500 |
| 001 |
in00000008656 |
| 005 |
20151003080016.0 |
| 008 |
870520s1987 nju b 00110 eng |
| 010 |
|
|
|a 87015155
|
| 020 |
|
|
|a 0893914355
|
| 035 |
|
|
|a (OCoLC)16131769
|
| 035 |
|
|
|9 AAA1054AM
|
| 040 |
|
|
|a DLC
|c DLC
|d TXA
|d UtOrBLW
|
| 050 |
0 |
0 |
|a PN1992.945
|b .G36 1987
|
| 082 |
0 |
|
|a 302.2/34
|2 19
|
| 100 |
1 |
|
|a Ganley, Gladys D.
|
| 245 |
1 |
0 |
|a Global political fallout :
|b the first decade of the VCR, 1976- 1985 /
|c Gladys D. Ganley, Oswald H. Ganley.
|
| 264 |
|
1 |
|a Cambridge, Mass. :
|b Program on Information Resources Policy, Harvard University, Center for Information Policy Research ;
|a Norwood, N.J. :
|b Ablex Pub. Corp.,
|c [1987]
|
| 264 |
|
4 |
|c ©1987
|
| 300 |
|
|
|a xii, 166 pages ;
|c 24 cm.
|
| 336 |
|
|
|a text
|b txt
|2 rdacontent
|
| 337 |
|
|
|a unmediated
|b n
|2 rdamedia
|
| 338 |
|
|
|a volume
|b nc
|2 rdacarrier
|
| 504 |
|
|
|a Includes bibliographies and indexes.
|
| 650 |
|
0 |
|a Video recordings
|x Political aspects.
|
| 650 |
|
0 |
|a Video tape recorders
|x Political aspects.
|
| 700 |
1 |
|
|a Ganley, Oswald Harold,
|d 1929-
|
| 710 |
2 |
|
|a Harvard University.
|b Program on Information Resources Policy.
|
| 999 |
|
|
|a MARS
|
| 999 |
f |
f |
|s ac95a77f-b01c-36a1-a33e-5ece749dc779
|i c33f7b3c-311a-3a14-a4f3-5f29715249ea
|t 0
|
| 952 |
f |
f |
|p ric
|a Texas A&M University
|b Rellis Campus
|c Joint Library Facility
|d Remote Storage
|t 0
|e PN1992.945 .G36 1987
|h Library of Congress classification
|i unmediated -- volume
|m A14812630541
|
| 998 |
f |
f |
|a PN1992.945 .G36 1987
|t 0
|l Remote Storage
|